000 00333nam a2200133 4500
005 20260530115312.0
100 1 _aStrafford Cliff
_932977
245 1 0 _aRetail Corporate Identity
264 1 _bRotovision
_c1995
300 _a224 páginas
336 _atexto
_2rdacontent
337 _asin medio
_2rdamedia
338 _avolumen
_2rdacarrier
999 _c13408
_d13408